| 000 | 00543nam a2200181Ia 4500 | ||
|---|---|---|---|
| 999 |
_c14078 _d14078 |
||
| 003 | OSt | ||
| 005 | 20201028100407.0 | ||
| 008 | 190216s9999||||xx |||||||||||||| ||und|| | ||
| 020 | _a9780006479222 | ||
| 040 | _coclc | ||
| 082 |
_a813.54 _bBRA/I |
||
| 100 |
_aBradbury, Ray _95510 |
||
| 245 | 4 |
_aThe Illustrated Man / _cRay Bradbury |
|
| 260 |
_bFlamingo An Imprint Of Harper Collins Publishers , _c1977. _aLondon: |
||
| 300 | _a239p | ||
| 650 | _aEnglish Literature | ||
| 942 |
_cBK _2ddc _h813.54 _iBRA/I _k813.54 _mBRA/I |
||